Nicolas Oudinot's Wounds - Statistics

General Stats
  • This quiz has been taken 6 times
  • The average score is 9 of 13
Answer Stats
Location/Date Type of wound % Correct
Neuberg 1796 4 Sabre cuts
100%
Neckerau 1795 5 Sabre cuts
100%
Treves 1794 Broken leg
67%
Haguenau 1793 Gunshot
67%
Neuberg 1796 Gunshot
67%
Zurich 1799 Gunshot
67%
Schwitz 1799 Gunshot
67%
Hollabrunn 1805 Gunshot
67%
Aspern 1809 Gunshot
67%
Wagram 1809 Gunshot
67%
Berezina 1812 Gunshot
67%
Arcis-Sur-Aube 1814 Gunshot
67%
Polotsk 1812 Grapeshot
33%
No matching quizzes found
Score Distribution
Percent of People with Each Score
Percentile by Number Answered
Your Score History
You have not taken this quiz